La vida son cuatro p***s días ¡vívela! : (Registro nro. 4032)
[ vista simple ]
| 000 -LEADER | |
|---|---|
| fixed length control field | 01413nam a2200301Ia 4500 |
| 003 - CONTROL NUMBER IDENTIFIER | |
| control field | OSt |
| 005 - DATE AND TIME OF LATEST TRANSACTION | |
| control field | 20200917121933.0 |
| 008 - FIXED-LENGTH DATA ELEMENTS--GENERAL INFORMATION | |
| fixed length control field | 191128t2009 sp ao gr 000 0dspa d |
| 020 ## - INTERNATIONAL STANDARD BOOK NUMBER | |
| International Standard Book Number | 9788475566474 |
| 040 ## - CATALOGING SOURCE | |
| Original cataloging agency | CO-JMCR |
| Transcribing agency | CO-JMCR |
| 041 1# - LANGUAGE CODE | |
| Language code of text/sound track or separate title | spa |
| Language code of original | eng |
| 082 04 - DEWEY DECIMAL CLASSIFICATION NUMBER | |
| Classification number | 790.13 / |
| Item number | S915v |
| Edition number | 23 |
| 100 1# - MAIN ENTRY--PERSONAL NAME | |
| Personal name | Street-Porter, Janet, |
| 9 (RLIN) | 10340 |
| Relator term | autora |
| 245 13 - TITLE STATEMENT | |
| Title | La vida son cuatro p***s días ¡vívela! : |
| Statement of responsibility, etc. | Janet Street-Porter; traductora Agnés Felis Prósper |
| Remainder of title | guía para no malgastar energía, tiempo ni dinero / |
| 260 ## - PUBLICATION, DISTRIBUTION, ETC. | |
| Place of publication, distribution, etc. | Barcelona : |
| Name of publisher, distributor, etc. | Oceano, |
| Date of publication, distribution, etc. | ©2009 |
| 300 ## - PHYSICAL DESCRIPTION | |
| Extent | 176 páginas : |
| Other physical details | ilustraciones y fotografías a color ; |
| Dimensions | 25 cm. |
| 500 ## - GENERAL NOTE | |
| General note | Incluye datos biográficos de la autora. |
| 505 0# - FORMATTED CONTENTS NOTE | |
| Formatted contents note | Manifiesto JSP -- Belleza -- Dieta -- Alimentos -- Hombres -- Amigos -- Trabajo -- Viajes -- Decoración -- Moda -- Ética -- Conclusión |
| 520 3# - SUMMARY, ETC. | |
| Summary, etc. | La vida es demasiado corta para deprimirse por no ser más joven, gastar un dineral en cremas faciales, intentar tener una talla 36, cocinar como los chefs de la tele, creerse todo lo que dicen los hombres, hablar con gente aburrida. |
| 534 ## - ORIGINAL VERSION NOTE | |
| Introductory phrase | Life too f***ing short |
| 546 ## - LANGUAGE NOTE | |
| Language note | traducción del inglés |
| 650 14 - SUBJECT ADDED ENTRY--TOPICAL TERM | |
| Topical term or geographic name entry element | Actividades recreativas |
| 9 (RLIN) | 10341 |
| 650 14 - SUBJECT ADDED ENTRY--TOPICAL TERM | |
| Topical term or geographic name entry element | Felicidad |
| 9 (RLIN) | 413 |
| 650 14 - SUBJECT ADDED ENTRY--TOPICAL TERM | |
| Topical term or geographic name entry element | Relaciones humanas |
| 9 (RLIN) | 871 |
| 650 14 - SUBJECT ADDED ENTRY--TOPICAL TERM | |
| Topical term or geographic name entry element | Mente y cuerpo |
| 9 (RLIN) | 10350 |
| 700 1# - ADDED ENTRY--PERSONAL NAME | |
| Personal name | Felis Prósper, Agnés, |
| Relator term | traductora |
| 9 (RLIN) | 10351 |
| 942 ## - ADDED ENTRY ELEMENTS (KOHA) | |
| Source of classification or shelving scheme | Dewey Decimal Classification |
| Koha item type | Books |
| Withdrawn status | Lost status | Source of classification or shelving scheme | Damaged status | Not for loan | Collection code | Home library | Current library | Date acquired | Source of acquisition | Total Checkouts | Full call number | Barcode | Date last seen | Date last checked out | Copy number | Koha item type |
|---|---|---|---|---|---|---|---|---|---|---|---|---|---|---|---|---|
| Dewey Decimal Classification | Non-fiction | Biblioteca Pública José María del Castillo y Rada | Biblioteca Pública José María del Castillo y Rada | 09/19/2018 | Donación | 4 | 790.13 / S915v | 201808827 | 03/18/2026 | 03/17/2026 | Ej.1 | Books |